000 00864nam a22002417a 4500
999 _c14052
_d14052
003 MIRAKIL
005 20200916153020.0
008 200916b tu ||||| |||| 00| 0 tur d
020 _a9754589291
040 _aTR-AnCHP
_btur
_cTR-AnCHP
041 _atur
082 _a891.73
_bG63a 2006
100 _aGogol, Nikolay
245 _aArabeksler :
_bdelinin defteri ve diğer Petersburg öyküleri /
_cNikolay Gogol ; çeviren Mehmet Özgül.
246 _adelinin defteri ve diğer Petersburg öyküleri
260 _aİstanbul:
_bTürkiye İş Bankası Kültür yayınları,
_c2006.
300 _a220 s.:
_c20 sm.
490 _aTürkiye İş Bankası Kültür yayınları;
_vGenel Yayın: 1085.
650 _aRus edebiyatı
_xRoman
700 _aBeyhan, Mazlum
_96404
_eçev.
740 _adelinin defteri ve diğer Petersburg öyküleri
942 _2ddc
_cBKS